000 00252nam a2200085Ia 4500
008 170620s9999 xx 000 0 und d
100 _aRai - Kailash
245 0 _aMOOT COURT Pre-Trial Preparation and Perticipation in Trial Proceedings
260 _bCentral Law Pub.
260 _c2012
999 _c29769
_d29769